000 00603nam a2200217Ia 4500
001 19035
003 GE_BSU
008 181216s||||||||xx |||||||||||||| ||und||
040 _cGE_BSU
080 _awww.rusvrach.ru
245 _aВрач. №4. 2016
245 _cГл.ред. Денисов И.Н. и др,
260 _aМосква
260 _bрусский врач
260 _c2016
300 _a88стр,ил,29см.
653 _aВрач
653 _aежемесячный научно-практический журнал
653 _aპერიოდიკა
942 _cCR
999 _c52031
_d52031